|
|
|
|
| LEADER |
00000nab a2200000 a 4500 |
| 001 |
vtls000615740 |
| 003 |
SK-MaSNL |
| 005 |
20260304094120.0 |
| 008 |
250425c1995 xo 0 slo |
| 015 |
|
|
|a SNBRB19rr/mm-uuuuu
|
| 035 |
|
|
|a CL0615879
|
| 035 |
|
|
|a urn:nbn:sk:snk-abg6b
|
| 035 |
|
|
|a (urnnbn)urn:nbn:sk:snk:ar-a04253
|
| 035 |
|
|
|a (uuid)c1935f94-2dfc-4bd9-a051-4905586c5301
|
| 040 |
|
|
|a SNKBUCL
|b slo
|c SNKBUCL
|e AACR2
|
| 041 |
0 |
|
|a slo
|
| 044 |
|
|
|a xo
|c SK
|
| 080 |
|
|
|a 265.6
|2 1981
|
| 100 |
1 |
|
|a Malý, Vincent,
|d 1922-2008
|4 aut
|9 102577
|
| 245 |
1 |
0 |
|a Slávenie svätej omše (17)
|b Liturgia Eucharistie. 3. obrad prijímanie. Modlitba Pána
|c Vincent Malý
|
| 650 |
0 |
7 |
|a omše sväté
|2 snkbucl
|9 882521
|
| 650 |
0 |
7 |
|a obrad prijímania
|2 snkbucl
|9 1374258
|
| 655 |
|
7 |
|a články z novín a časopisov
|2 snkbucl
|9 267496
|
| 773 |
0 |
|
|t Liturgia
|g Roč. 5, č. 2 (1995), s. 141-149
|x 1210-0676
|
| 850 |
|
|
|a Slovenská národná knižnica
|
| 852 |
|
|
|a Slovenská národná knižnica
|
| 954 |
|
|
|a odborná, vedecká literatúra pôvodná (slovenská)
|2 lita
|
| 958 |
|
|
|a article27
|
| 958 |
|
|
|a NX
|
| 958 |
|
|
|a RK
|
| 958 |
|
|
|a OND
|
| 958 |
|
|
|a EUIPO
|
| 999 |
|
|
|c 2825634
|d 2827564
|